Top 10 Indian States by GDP-nominal - Statistics

General Stats
  • This quiz has been taken 29 times
  • The average score is 8 of 10
Answer Stats
Nominal GDP (in USD) Answer % Correct
US$297 billion Tamil Nadu
100%
US$240 billion Uttar Pradesh
100%
US$230 billion Gujarat
84%
US$370 billion Maharashtra
84%
US$228 billion Karnataka
76%
US$130 billion Madhya Pradesh
76%
US$138 billion Andhra Pradesh
72%
US$140 billion Rajasthan
72%
US$233 billion West Bengal
72%
US$137 billion Telangana
56%
No matching quizzes found
Score Distribution
Percent of People with Each Score
Percentile by Number Answered
Your Score History
You have not taken this quiz